Flawless consulting : (Record no. 9570)

MARC details
000 -LEADER
fixed length control field 00902nam a22002532 4500
001 - CONTROL NUMBER
control field 0000021149
005 - DATE AND TIME OF LATEST TRANSACTION
control field 20151217152226.0
008 - FIXED-LENGTH DATA ELEMENTS--GENERAL INFORMATION
fixed length control field 120123s xx 000 0 eng d
020 ## - INTERNATIONAL STANDARD BOOK NUMBER
International Standard Book Number 0787948030 :
040 ## - CATALOGING SOURCE
Original cataloging agency KABU
Transcribing agency KABU
100 1# - MAIN ENTRY--PERSONAL NAME
Personal name Block, Peter.
-- 0000181872
245 10 - TITLE STATEMENT
Title Flawless consulting :
Remainder of title a guide to getting your expertise used /
Statement of responsibility, etc. Peter Block.
250 ## - EDITION STATEMENT
Edition statement 2nd ed.
260 ## - PUBLICATION, DISTRIBUTION, ETC. (IMPRINT)
Place of publication, distribution, etc. Hoboken, NJ. :
Name of publisher, distributor, etc. Pfeiffer,
Date of publication, distribution, etc. 2000.
300 ## - PHYSICAL DESCRIPTION
Extent xxvii, 371 p.
650 #0 - SUBJECT ADDED ENTRY--TOPICAL TERM
Topical term or geographic name as entry element Business Consultants.
-- 0000150999
852 1# - LOCATION
-- p7310 KES
852 1# - LOCATION
-- p7310 KES
852 1# - LOCATION
-- p7310 KES
852 1# - LOCATION
-- p7310 KES
852 1# - LOCATION
-- p7310 KES
908 ## - PUT COMMAND PARAMETER (RLIN)
Put command parameter 120123
950 ## - LOCAL HOLDINGS (RLIN)
-- 1
Holdings
Withdrawn status Lost status Source of classification or shelving scheme Not for loan Home library Current library Date acquired Total Checkouts Full call number Barcode Date last seen Date last checked out Price effective from Koha item type
    Library of Congress Classification   Kabarak, Main Campus Kabarak, Main Campus 17/12/2015 1 HD69 .C6B56 2000 c. 1 20453 02/08/2024 20/06/2022 17/12/2015 General Collection
    Library of Congress Classification   Kabarak, Main Campus Kabarak, Main Campus 17/12/2015   HD69 .C6B56 2000 c. 2 20436 02/08/2024   17/12/2015 General Collection
    Library of Congress Classification   Kabarak, Main Campus Kabarak, Main Campus 17/12/2015   HD69 .C6B56 2000 c. 3 20456 17/12/2015   17/12/2015 General Collection
    Library of Congress Classification   Kabarak, Main Campus Kabarak, Main Campus 17/12/2015   HD69 .C6B56 2000 c. 4 20455 17/12/2015   17/12/2015 General Collection
    Library of Congress Classification   Kabarak, Main Campus Kabarak, Main Campus 17/12/2015 1 HD69 .C6B56 2000 c. 5 015339 02/08/2024 22/01/2021 17/12/2015 General Collection
Designed with assistance from East African Informatics Ltd